| 000 | 00508nam a22001697a 4500 | ||
|---|---|---|---|
| 003 | CEME | ||
| 005 | 20210628203620.0 | ||
| 008 | 210203b xxu||||| |||| 00| 0 eng d | ||
| 040 | _c. | ||
| 082 | _a297 IFT | ||
| 100 |
_aIftikhar Ahmed Hafiz _966557 |
||
| 245 | _aZiarat-e-muqaddisah, iran afghanistan aur pakistan may ziyarat -e-muqaddisah kaw safar | ||
| 260 |
_aLAHORE _bISLAMIC PUBLICATIONS _c2000 |
||
| 300 | _a296P | ||
| 650 |
_aISLAM-SAFAR NAMA. ISLAM-ZIARAT-E-MUQADDISAH _966558 |
||
| 942 |
_cBK _2ddc |
||
| 999 |
_c574514 _d574514 |
||